[Event "AUTO-MASTER-878"]
[Site "http://www.queenalice.com/game.php?id=636813"]
[Date "2009.8.15"]
[Round "1"]
[White "docb"]
[Black "joules"]
[Result "1-0"]
[WhiteElo "2092"]
[BlackElo "1981"]

1. e4 c5 2. Nc3 g6 3. f4 Bg7 4. g3 e6 5. Bg2 Ne7 6. Nf3 Nbc6 7. O-O O-O 8. d3 d5
9. e5 a6 10. g4 b5 11. Ne2 d4 12. Ng3 h6 13. Ne4 Qb6 14. h4 Rb8 15. Nf6+ Kh8 16.
Qe1 Nd5 17. g5 h5 18. Qe2 Nce7 19. Nd2 Bxf6 20. exf6 Nf5 21. Nf3 Ng3 22. Qd1
Nxf1 23. Kxf1 Bb7 24. Ne5 Qc7 25. Bf3 Ne3+ 26. Bxe3 Bxf3 27. Qxf3 dxe3 28. Qxe3
Rbd8 29. Rd1 Kg8 30. c3 Rd5 31. Qe4 Kh7 32. Ke2 b4 33. Rf1 bxc3 34. bxc3 Rb8 35.
Kf3 Qb7 36. Re1 Qc7 37. f5 gxf5 38. Qe2 Rxe5 39. Qxe5 Qc6+ 40. Ke3 Rb2 41. g6+
fxg6 42. f7 Qc8 43. Qf6 Qf8 44. Rg1 Qh6+ 45. Kf3 Rb8 46. Qxe6 Qg7 47. Qe8 Qf8
48. Re1 Kg7 49. Re7 Rb6 50. Rd7 Rf6 51. Rd8 1-0

[Event "AUTO-MASTER-897"]
[Site "http://www.queenalice.com/game.php?id=647412"]
[Date "2009.9.4"]
[Round "1"]
[White "TheWatcher"]
[Black "joules"]
[Result "1-0"]
[WhiteElo "2210"]
[BlackElo "2012"]

1. d4 Nf6 2. c4 g6 3. f3 Bg7 4. Nc3 d6 5. e4 O-O 6. Be3 e5 7. d5 c6 8. Bd3 cxd5
9. cxd5 Nbd7 10. Nge2 b6 11. Qd2 Nc5 12. Bc2 Ba6 13. b4 Bxe2 14. bxc5 Ba6 15. c6
Ne8 16. h4 f5 17. exf5 gxf5 18. Bg5 Qc8 19. Rc1 Nc7 20. Be7 Rf6 21. Bxf6 Bxf6
22. Qh6 Bg7 23. Qg5 Bc4 24. Bxf5 Qf8 25. Rh3 Kh8 26. Rd1 Bh6 27. Qh5 Ne8 28. Ne4
Nf6 29. Nxf6 Qxf6 30. g4 Rf8 31. Kf2 Ba6 32. Be4 Qf4 33. Kg2 Qe3 34. Rg1 Bc8 35.
Rg3 1-0

[Event "AUTO-MASTER-897"]
[Site "http://www.queenalice.com/game.php?id=647413"]
[Date "2009.9.4"]
[Round "1"]
[White "joules"]
[Black "TheWatcher"]
[Result "0-1"]
[WhiteElo "1907"]
[BlackElo "2097"]

1. Nf3 Nc6 2. g3 e5 3. e4 Nf6 4. d3 Bc5 5. Bg2 O-O 6. O-O h6 7. c3 d5 8. Nbd2
Bg4 9. Qe2 Re8 10. Rd1 Qd7 11. Nf1 Bh3 12. Be3 d4 13. cxd4 exd4 14. Bd2 Bg4 15.
Rac1 Bf8 16. Re1 Ne5 17. Bf4 Nxf3+ 18. Bxf3 Bxf3 19. Qxf3 c6 20. Kg2 Re6 21. h4
Rae8 22. Nd2 Nd5 23. Nc4 Nxf4+ 24. Qxf4 b5 25. Nd2 Bd6 26. Qg4 Qc7 27. Nb3 Rg6
28. Qh3 c5 29. Nxd4 a6 30. Nf5 Bf8 31. Ne3 Qe5 32. Re2 c4 33. dxc4 Qxe4+ 34. Kf1
Rf6 35. cxb5 axb5 36. Rce1 Qd3 37. Kg1 Rfe6 38. Qg4 Re4 39. Qf3 Bb4 40. Rd1
Qxd1+ 41. Nxd1 Rxe2 42. a3 Bxa3 43. bxa3 Re1+ 44. Kg2 R1e4 45. Nc3 Rc4 46. Nxb5
Ra4 47. Nd6 Rf8 48. Qb3 Ra7 49. Qc3 Rfa8 50. Qc4 Rd8 51. Nb5 Ra5 52. a4 Rda8 53.
Nd6 R8a7 0-1

[Event "AUTO-MASTER-897"]
[Site "http://www.queenalice.com/game.php?id=647424"]
[Date "2009.9.4"]
[Round "1"]
[White "deltaboy"]
[Black "joules"]
[Result "0-1"]
[WhiteElo "2370"]
[BlackElo "2003"]

1. e4 c5 2. Nf3 g6 3. d4 Bg7 4. c3 cxd4 5. cxd4 d5 6. e5 Bg4 7. Be2 Bxf3 8. Bxf3
Nh6 9. Qb3 Nc6 10. Be3 Nf5 11. Qa4 O-O 12. O-O e6 13. Na3 f6 14. exf6 Qxf6 15.
Nc2 Ncxd4 16. Nxd4 Nxd4 17. Bd1 Nc6 18. Rb1 a6 19. Bc5 Rf7 20. b4 b5 21. Qb3 Bf8
22. Rc1 Qf4 23. g3 Qxc1 24. Bg4 Qc4 25. Bxe6 Qxb3 26. axb3 Nxb4 27. Bd4 Re8 28.
Bxf7+ Kxf7 29. Rc1 Re4 30. Rc7+ Re7 31. Rc8 Rd7 32. Kf1 Bd6 33. h3 h5 34. g4
hxg4 35. hxg4 Rc7 36. Rh8 Nc2 37. Bb6 Rc6 38. Rh7+ Kf6 39. Bd8+ Ke5 40. Rf7 Bc5
41. g5 Ke4 42. f3+ Kd3 43. Kg2 Ke2 44. f4 Ne3+ 45. Kg3 d4 46. Rh7 Nf5+ 47. Kg4
d3 48. Rh2+ Bf2 49. Ba5 Rc8 50. Rh7 d2 51. Bxd2 Kxd2 52. Rd7+ Kc3 53. Kf3 Bd4
54. Ke4 Re8+ 55. Kd5 Re7 56. Rd8 Kxb3 57. Ra8 Rd7+ 0-1

[Event "AUTO-MASTER-897"]
[Site "http://www.queenalice.com/game.php?id=647425"]
[Date "2009.9.4"]
[Round "1"]
[White "joules"]
[Black "deltaboy"]
[Result "0-1"]
[WhiteElo "2004"]
[BlackElo "2347"]

1. Nf3 Nf6 2. g3 b6 3. Bg2 Bb7 4. O-O h5 5. d3 d6 6. e4 Nbd7 7. c3 Ne5 8. Qe2
Nxf3+ 9. Bxf3 h4 10. Bg5 hxg3 11. fxg3 e5 12. Nd2 Be7 13. Nc4 Bc8 14. Ne3 Be6
15. Bxf6 Bxf6 16. Bg4 c6 17. Bxe6 fxe6 18. Qg4 Qe7 19. Qg6+ Qf7 20. Qxf7+ Kxf7
21. Ng4 Ke7 22. Nxf6 gxf6 23. Rf2 Rag8 24. Raf1 Rg6 25. Kg2 Rf8 26. h3 Rh6 27.
g4 Rfh8 28. Rf3 R8h7 29. Rh1 Rg6 30. Kf2 Rxg4 31. Rg1 Rf4 32. Rg3 Kf7 33. Ke3
Rhh4 34. Rf2 f5 35. Rfg2 Rh7 36. Rf2 Rxf2 37. Kxf2 f4 38. Rf3 d5 39. Kg2 Kg6 40.
Rf1 Kh5 41. Kh2 Rg7 42. Rf3 c5 43. b3 Rd7 44. Rf2 dxe4 45. dxe4 Rd3 0-1

[Event "AUTO-MASTER-897"]
[Site "http://www.queenalice.com/game.php?id=647430"]
[Date "2009.9.4"]
[Round "1"]
[White "jalvez"]
[Black "joules"]
[Result "0-1"]
[WhiteElo "2183"]
[BlackElo "1963"]

1. e4 c5 2. Nf3 g6 3. d4 Bg7 4. Nc3 cxd4 5. Nxd4 Nc6 6. Be3 Nf6 7. f3 O-O 8. Qd2
d5 9. exd5 Nxd5 10. Nxd5 Qxd5 11. Nxc6 Qxc6 12. c3 Be6 13. Be2 Rfd8 14. Qc2 Bf5
15. O-O Bxc2 16. Rac1 Bd3 17. Rf2 Bxe2 18. Rxe2 Rd7 19. Rce1 Rad8 20. Kf2 Rd1
21. Rxd1 Rxd1 22. g3 Rd3 23. Kg2 Bh6 24. Kf2 Bxe3+ 25. Rxe3 Qc5 0-1

[Event "AUTO-MASTER-897"]
[Site "http://www.queenalice.com/game.php?id=647431"]
[Date "2009.9.4"]
[Round "1"]
[White "joules"]
[Black "jalvez"]
[Result "1/2-1/2"]
[WhiteElo "1999"]
[BlackElo "2099"]

1. Nf3 d5 2. g3 Nc6 3. Bg2 e5 4. d3 Nf6 5. O-O Be7 6. Nbd2 O-O 7. e4 dxe4 8.
dxe4 Re8 9. c3 Bg4 10. Qe2 Qd7 11. Rd1 Rad8 12. b3 Bc5 13. Bb2 a6 14. Nf1 Qe7
15. h3 Bh5 16. g4 Bg6 17. Nh4 Rxd1 18. Rxd1 Rd8 19. Nxg6 hxg6 20. Rd2 Rxd2 21.
Qxd2 Qd7 22. Qxd7 Nxd7 23. Bc1 f6 24. Ne3 Ne7 25. Kf1 c6 26. Ke1 Kf7 27. Bf1 Nf8
28. Bc4+ Ne6 29. Ng2 g5 30. Be3 Bxe3 31. Nxe3 b5 32. Bxe6+ Kxe6 33. Kd2 g6 34.
Kd3 Kd6 35. b4 Nc8 36. c4 Ke6 37. c5 Ne7 38. Nd1 f5 39. f3 Ng8 40. Nc3 Nf6 41.
Ne2 Ne8 42. Nc1 Nf6 43. Nb3 f4 44. Na5 Kd7 45. Nb7 Ne8 46. Na5 1/2-1/2

[Event "AUTO-MASTER-918"]
[Site "http://www.queenalice.com/game.php?id=659523"]
[Date "2009.9.28"]
[Round "1"]
[White "aknightout"]
[Black "joules"]
[Result "1-0"]
[WhiteElo "1749"]
[BlackElo "1846"]

1. e4 c5 2. Nf3 g6 3. g3 Bg7 4. Bg2 Nc6 5. O-O e6 6. c3 Nge7 7. d3 O-O 8. Nbd2
d5 9. exd5 Nxd5 10. Re1 b6 11. Nf1 Bb7 12. Bg5 Qd7 13. Ne3 Nce7 14. Ng4 h6 15.
Bxh6 Nf5 16. Qd2 Nxh6 17. Nxh6+ Kh7 18. Ng4 Rh8 19. c4 Nb4 20. Nfe5 Qc7 21. Qg5
Kg8 22. Bxb7 1-0

[Event "AUTO-MASTER-918"]
[Site "http://www.queenalice.com/game.php?id=659524"]
[Date "2009.9.28"]
[Round "1"]
[White "joules"]
[Black "aknightout"]
[Result "0-1"]
[WhiteElo "1868"]
[BlackElo "1727"]

1. Nf3 Nf6 2. g3 d6 3. Bg2 e5 4. d3 g6 5. Nbd2 Bg7 6. O-O O-O 7. e4 Bg4 8. h3
Bd7 9. Nc4 Nh5 10. Ne1 Nc6 11. c3 Ne7 12. Ne3 h6 13. a4 Kh7 14. Kh2 Bh8 15. N1c2
f5 16. exf5 gxf5 17. Qxh5 f4 18. Ng4 Bg7 19. gxf4 exf4 20. Be4+ Bf5 21. f3 Qe8
0-1

[Event "AUTO-MASTER-918"]
[Site "http://www.queenalice.com/game.php?id=659539"]
[Date "2009.9.28"]
[Round "1"]
[White "phystutordotcom"]
[Black "joules"]
[Result "1-0"]
[WhiteElo "2066"]
[BlackElo "2033"]

1. Nf3 Nf6 2. d3 g6 3. e4 d6 4. g3 Bg7 5. Bg2 O-O 6. O-O e5 7. Nbd2 Nc6 8. c3
Be6 9. Ng5 Bg4 10. f3 Bd7 11. f4 Ne8 12. Nc4 h6 13. Nf3 f5 14. Nh4 Kh7 15. exf5
Bxf5 16. fxe5 dxe5 17. Nxf5 Rxf5 18. Bxc6 bxc6 19. Be3 Nd6 20. Na3 Qd7 21. Qe2
a5 22. g4 Rxf1+ 23. Rxf1 Re8 24. Nb1 e4 25. d4 Nc8 26. Nd2 Nb6 27. Re1 Nd5 28.
Nf1 1-0

[Event "AUTO-MASTER-918"]
[Site "http://www.queenalice.com/game.php?id=659540"]
[Date "2009.9.28"]
[Round "1"]
[White "joules"]
[Black "phystutordotcom"]
[Result "0-1"]
[WhiteElo "1942"]
[BlackElo "2092"]

1. Nf3 d6 2. g3 e5 3. d3 Nf6 4. Bg2 g6 5. O-O Bg7 6. e4 O-O 7. a4 a5 8. Na3 Nbd7
9. Nc4 Nc5 10. Be3 Ne6 11. h3 Ne8 12. Nh4 f5 13. exf5 gxf5 14. f4 exf4 15. Bxf4
Nxf4 16. Rxf4 Bh6 17. Rf1 Qg5 18. Qe1 Nf6 19. Kh2 Nh5 20. Nf3 Qg7 21. Ng1 Kh8
22. Bf3 Nf6 23. Nxa5 c6 24. Nc4 Re8 25. Qf2 d5 0-1

[Event "AUTO-MASTER-936"]
[Site "http://www.queenalice.com/game.php?id=670598"]
[Date "2009.10.21"]
[Round "1"]
[White "TheWatcher"]
[Black "joules"]
[Result "1-0"]
[WhiteElo "2094"]
[BlackElo "1976"]

1. d4 Nf6 2. Nf3 g6 3. c4 Bg7 4. Nc3 d5 5. Qb3 c6 6. g3 O-O 7. Bg2 Be6 8. cxd5
Nxd5 9. Qxb7 Nd7 10. Qxc6 Nb4 11. Qa4 a5 12. O-O Nb6 13. Qd1 Qd7 14. e4 Rad8 15.
a3 Na6 16. d5 Bg4 17. Qb3 Rb8 18. Bf4 a4 19. Qa2 Rb7 20. e5 Nc5 21. Nd4 Bh3 22.
Rfd1 Bxg2 23. Kxg2 Rd8 24. Nc6 Re8 25. Na5 1-0

[Event "AUTO-MASTER-936"]
[Site "http://www.queenalice.com/game.php?id=670599"]
[Date "2009.10.21"]
[Round "1"]
[White "joules"]
[Black "TheWatcher"]
[Result "0-1"]
[WhiteElo "1952"]
[BlackElo "2106"]

1. Nf3 Nf6 2. g3 c5 3. Bg2 Nc6 4. d3 g6 5. e4 d6 6. O-O Bg7 7. a4 a6 8. Na3 O-O
9. Nc4 Rb8 10. Rb1 b5 11. axb5 axb5 12. Ne3 e6 13. Qe2 Re8 14. Rd1 Ba6 15. c3 d5
16. Qc2 Qb6 17. Nf1 b4 18. Be3 b3 19. Qd2 dxe4 20. dxe4 Nxe4 21. Qc1 Rbd8 22.
N3d2 Nxd2 23. Nxd2 Ne5 24. Ra1 Be2 0-1

[Event "AUTO-MASTER-936"]
[Site "http://www.queenalice.com/game.php?id=670612"]
[Date "2009.10.21"]
[Round "1"]
[White "joules"]
[Black "whizkid14"]
[Result "0-1"]
[WhiteElo "1965"]
[BlackElo "2201"]

1. Nf3 Nf6 2. g3 e6 3. Bg2 Nc6 4. d3 Bc5 5. O-O d5 6. Nbd2 h6 7. e4 O-O 8. c3 d4
9. c4 e5 10. Ne1 Re8 11. Nb3 Bf8 12. f4 Ng4 13. f5 Nf6 14. g4 Nh7 15. Nf3 a5 16.
Bd2 b6 17. Kh1 Nb4 18. Qe2 a4 19. Nc1 Bd7 20. a3 Nc2 21. Rb1 Ne3 22. Bxe3 dxe3
23. Qxe3 Nf6 24. Bh3 Bc5 25. Qd2 h5 26. g5 Ng4 0-1

[Event "AUTO-MASTER-936"]
[Site "http://www.queenalice.com/game.php?id=670613"]
[Date "2009.10.21"]
[Round "1"]
[White "whizkid14"]
[Black "joules"]
[Result "1-0"]
[WhiteElo "2206"]
[BlackElo "1958"]

1. e4 c5 2. Nf3 g6 3. Bc4 Bg7 4. O-O Nc6 5. c3 e6 6. d4 cxd4 7. cxd4 d5 8. exd5
exd5 9. Bb5 Ne7 10. Nc3 O-O 11. h3 h6 12. Re1 Be6 13. Bf1 Nf5 14. Be3 Qb6 15.
Na4 Qb4 16. Bd2 Qe7 17. Nc3 Qf6 18. Ne2 Nfxd4 19. Nfxd4 Nxd4 20. Bc3 Nxe2+ 21.
Bxe2 Qg5 22. Bxg7 Kxg7 23. Qd4+ Qf6 24. Qb4 b6 25. Ba6 Rfd8 26. Rac1 1-0

[Event "AUTO-MASTER-936"]
[Site "http://www.queenalice.com/game.php?id=670614"]
[Date "2009.10.21"]
[Round "1"]
[White "joules"]
[Black "ozzyvegeta"]
[Result "0-1"]
[WhiteElo "1919"]
[BlackElo "2020"]

1. Nf3 d5 2. g3 c6 3. Bg2 Nd7 4. d4 Ngf6 5. O-O e6 6. Nbd2 Bd6 7. c4 O-O 8. cxd5
exd5 9. Re1 Re8 10. a3 Ne4 11. Qc2 Ndf6 12. b4 Bf5 13. Nh4 Bd7 14. Nb3 h6 15.
Nf3 Ng4 16. Rf1 Bf5 17. Qb2 Bc7 18. h3 Ngf6 19. Nc5 Nxc5 20. bxc5 Qe7 21. e3 Ne4
22. Qxb7 Reb8 23. Qxc6 Nc3 24. Qa6 Rb5 25. Bd2 Ne2+ 26. Kh1 Bd3 27. Qc6 Rab8 28.
Qxd5 Qf6 29. Rfd1 Rb3 30. Bb4 Qe6 31. Qxe6 fxe6 0-1

[Event "AUTO-MASTER-936"]
[Site "http://www.queenalice.com/game.php?id=670615"]
[Date "2009.10.21"]
[Round "1"]
[White "ozzyvegeta"]
[Black "joules"]
[Result "1-0"]
[WhiteElo "2007"]
[BlackElo "1932"]

1. e4 c5 2. Nf3 g6 3. d4 Bg7 4. dxc5 Qa5+ 5. Bd2 Qxc5 6. Nc3 Nc6 7. Be3 Qa5 8.
Bc4 Nf6 9. O-O O-O 10. a3 a6 11. b4 Qd8 12. Rb1 b5 13. Bb3 Qc7 14. Nd5 Nxd5 15.
exd5 Ne5 16. Nxe5 Qxe5 17. Re1 Qc7 18. Bd4 e5 19. Bb2 d6 20. c4 bxc4 21. Rc1 Bd7
22. Rxc4 Qb7 23. Re3 Rac8 24. Rec3 Bb5 25. Rxc8 Rxc8 26. Qc2 Rxc3 27. Qxc3 Bd7
28. a4 Bf6 29. Qc4 Bd8 30. Bc3 Kf8 31. Bd2 1-0

[Event "AUTO-ADV-1439"]
[Site "http://www.queenalice.com/game.php?id=684518"]
[Date "2009.11.17"]
[Round "2"]
[White "joules"]
[Black "FuriousFreddy"]
[Result "0-1"]
[WhiteElo "2018"]
[BlackElo "1873"]

1. Nf3 c5 2. g3 g6 3. Bg2 Bg7 4. d3 Nc6 5. Nbd2 Nf6 6. O-O O-O 7. e4 d6 8. a4
Be6 9. Ng5 Bg4 10. f3 Bd7 11. f4 h6 12. Ngf3 Qc8 13. Re1 e5 14. fxe5 dxe5 15.
Nc4 Qc7 16. Rf1 b6 17. Bd2 Rae8 18. Bc3 Ng4 19. Qe2 Nd4 20. Bxd4 exd4 21. h3 Ne5
0-1

[Event "AUTO-ADV-1439"]
[Site "http://www.queenalice.com/game.php?id=684519"]
[Date "2009.11.17"]
[Round "2"]
[White "FuriousFreddy"]
[Black "joules"]
[Result "1-0"]
[WhiteElo "1895"]
[BlackElo "1996"]

1. e4 c5 2. Nf3 g6 3. c3 Bg7 4. d4 cxd4 5. cxd4 d5 6. Nc3 dxe4 7. Nxe4 Nc6 8.
Bb5 Bd7 9. O-O Qb6 10. Bxc6 Bxc6 11. Re1 Rd8 12. Nc5 Nf6 13. Ne5 Nd5 14. Nxc6
Qxc6 15. Bg5 h6 16. Be3 O-O 17. Rc1 b6 18. Na6 Qb7 19. Qe2 e6 20. Rc2 Rc8 21.
Rec1 Rxc2 22. Rxc2 1-0

[Event "AUTO-ADV-1439"]
[Site "http://www.queenalice.com/game.php?id=684520"]
[Date "2009.11.17"]
[Round "2"]
[White "joules"]
[Black "odin2"]
[Result "0-1"]
[WhiteElo "1883"]
[BlackElo "1908"]

1. Nf3 Nf6 2. g3 g6 3. Bg2 Bg7 4. d3 O-O 5. O-O Nc6 6. e4 e5 7. Bg5 h6 8. Bxf6
Qxf6 9. h3 d6 10. Nc3 Be6 11. Ne1 Rad8 12. f4 exf4 13. gxf4 Qd4+ 14. Kh1 d5 15.
exd5 Bxd5 16. Nxd5 Rxd5 17. Bxd5 Qxd5+ 18. Qf3 Qf5 0-1

[Event "AUTO-ADV-1439"]
[Site "http://www.queenalice.com/game.php?id=684521"]
[Date "2009.11.17"]
[Round "2"]
[White "odin2"]
[Black "joules"]
[Result "1-0"]
[WhiteElo "1892"]
[BlackElo "1899"]

1. e4 c5 2. Nf3 g6 3. Bc4 Bg7 4. d4 cxd4 5. Nxd4 Nc6 6. Be3 Nf6 7. Nxc6 bxc6 8.
Nd2 d6 9. O-O O-O 10. c3 Bb7 11. f3 d5 12. exd5 cxd5 13. Bb3 e6 14. Kh1 Qc7 15.
Bc2 a5 16. Qe2 Ba6 17. c4 dxc4 18. Qd1 c3 19. bxc3 1-0